Các biện pháp khẩn cấp tạm thời trong giải quyết tranh chấp về quyền sở hữu trí tuệ tại toà án /
Saved in:
| Main Author: | |
|---|---|
| Format: | Article |
| Language: | Vietnamese |
| Subjects: | |
| Tags: |
Add Tag
No Tags, Be the first to tag this record!
|
| Institutions: | Thư viện Trường Đại học Đà Lạt |
|---|
| LEADER | 00877nam a2200277 4500 | ||
|---|---|---|---|
| 001 | DLU090071496 | ||
| 005 | ##20090508 | ||
| 040 | # | # | |a DLU |b vie |
| 041 | # | # | |a vie |
| 044 | # | # | |a vn |
| 100 | # | # | |a Nguyễn Bích Thảo. |
| 245 | # | # | |a Các biện pháp khẩn cấp tạm thời trong giải quyết tranh chấp về quyền sở hữu trí tuệ tại toà án / |c Nguyễn Bích Thảo. |
| 653 | # | # | |a Giải pháp |
| 653 | # | # | |a Quyền sở hữu trí tuệ |
| 653 | # | # | |a Tố tụng |
| 653 | # | # | |a Tranh chấp |
| 773 | # | # | |t Nhà nước và pháp luật |g Số 9(245), 2008, tr. 50-57 |
| 920 | # | # | |a Phòng Tạp chí -- Trung tâm Thông tin - Thư viện Trường Đại học Đà Lạt |
| 994 | # | # | |a DLU |
| 900 | # | # | |a True |
| 911 | # | # | |a Nguyễn Thị Hồng Lê |
| 925 | # | # | |a G |
| 926 | # | # | |a A |
| 927 | # | # | |a BB |
| 980 | # | # | |a Thư viện Trường Đại học Đà Lạt |